000 00364nam a2200133Ia 4500
008 220217s9999||||xx |||||||||||||| ||und||
020 _a9788126519873
082 _a004.65 SHA
100 _aShah, Deven, N
245 0 _aMark stamp's information security
260 _aWiley india
_bNew Delhi
_c2010
300 _aXX, 445p.
_b369
650 _aCOMPUTER NETWORK
999 _c182621
_d182621